000 00498nam a22001937a 4500
003 CEME
005 20210628202602.0
008 210122b xxu||||| |||| 00| 0 eng d
020 _a81-297-0650-4
040 _c.
082 _a621.392 ZWO
100 _aZwolinski, Mark
_960613
245 _aDigital system design with vhdl
250 _a2ND
260 _aNEW DELHI
_bPEARSON EDUCATION ASIA
_c2004
300 _aXIII,368 P
650 _aDIGITAL SYSTEM DESIGN - VHDL
_960614
942 _cBK
_2ddc
999 _c570302
_d570302